000 00401nam a2200109Ia 4500
008 171204s9999 xx 000 0 und d
245 _aRaspberry Pi: Full Stack: A whirlwind tour of full-stack web application development on the Raspberry Pi:
245 _cPeter Dalmaris
260 _c2015
650 _xADVANCED OPERATING SYSTEM AND NETWORKING
856 _uhttp://down.ebook777.com/040/B017LGNKVQ.pdf
999 _c347102
_d347102